| 000 | 00642nam a2200145 a 4500 | ||
|---|---|---|---|
| 008 | 070514s2006 ||||||||||||||||| || u | ||
| 050 | _aUN-ESC(02) | ||
| 110 | _aUnited Nations Economic and Social Council (UNESC) | ||
| 245 | 1 | 0 | _aReport on the forty-fourth session (18 February 2005 and 22 March 2006) |
| 260 |
_aNew York _bUNITED NATIONS _c2006 |
||
| 300 | _aiv, 29p. | ||
| 350 | _a0.00 | ||
| 500 | _aEconomic and Social Council Official Records, 2006.Supplement no. 6 | ||
| 995 |
_D0.00 _FCBU-MAIN LIBRARY (Kitwe) _H1 _I0.00 _M1 _UAVAILABLE _WJul 9, 2007 _ZInternational Publications |
||
| 999 |
_c56208 _d56208 |
||